Operationalization of Key Concepts in Investment Law

Empirický výskum v oblasti investičného práva. Analýza a zhodnotenie spôsobov, akými boli vyvinuté operacionálne definície relevantných teoretických konceptov, a navrhnutie zlepšenia tam, kde je to možné. Prvá časť príspevku popisuje spôsoby, akými sa výskumníci zaoberali problematikou operacionaliz...

ver descrição completa

Na minha lista:
Detalhes bibliográficos
Autor principal: Karas, Martin, 1991-
Formato: Capítulo de Livro
Idioma:inglês
Assuntos:
Tags: Adicionar Tag
Sem tags, seja o primeiro a adicionar uma tag!

MARC

LEADER 00000naa$a2200000$$$4500
001 0298586
005 20240502074527.9
041 0 |a eng 
044 |a SK 
245 1 0 |a Operationalization of Key Concepts in Investment Law  |c Martin Karas 
520 |a Empirický výskum v oblasti investičného práva. Analýza a zhodnotenie spôsobov, akými boli vyvinuté operacionálne definície relevantných teoretických konceptov, a navrhnutie zlepšenia tam, kde je to možné. Prvá časť príspevku popisuje spôsoby, akými sa výskumníci zaoberali problematikou operacionalizácie v oblasti investičného práva. Druhá časť článku poskytuje kritickú analýzu týchto prístupov a navrhuje spôsob, ako na tomto úsilí stavať. 
610 2 0 |a právo 
610 2 0 |a zmluvy medzinárodné 
610 2 0 |a investície 
610 2 0 |a metodológia 
610 2 0 |a výskum 
100 1 |a Karas, Martin, 1991-